00452 2200169 4500001002100000005001700021035002500038090001600063100003000079245006300109260003000172300002000202850001200222990001600234990001600250990001600266YOGYA00000000000639420150319133828.0 a0010-081400000006112 aT 291 Yas A aYasin Bin Nasir El-Khatib aAntara Qur an dan Dua TestedmencYasin Bin Nasir El-Khatib aSurabayabBina Ilmuc1989 a92 hlm.b21 cm. aYOPDYOG a106032-P/98 a106033-P/98 a106034-P/98